000 00762cam a2200205 ab4500
005 20260319115033.0
008 991125d1998 pe tr p 000 0 spa d
035 _aUPN01000071096
040 _aMX-MxUPN
_bspa
_cMX-MxUPN
_eaacr
003
245 1 _aDeclaración de la V Conferencia Internacional de Educación de Adultos
530 _aDisponible también en versión electrónica
650 4 _aEducación de adultos
_9956
773 _gNo 14, (1998), p. 4-8
_tLa piragua : revista latinoamericana y caribeña de educación y política
_x2073-0810
856 4 _uhttps://biblioteca.isauroarancibia.org.ar/wp-content/uploads/2020/11/LA-PIRAGUA-14.pdf
902 _bLorena Izquierdo/260925
904 _aAC
_b008907
905 _aArticulo
942 _cAI
999 _c65557
_d65557